Milton the early riser / by Robert Kraus ; ... Read More
Available copies
- 1 of 1 copy available at LARL/NWRL Consortium.
Current holds
0 current holds with 1 total copy.
View other formats and editions
Show Only Available Copies
| Location | Call Number / Copy Notes | Barcode | Shelving Location | Status | Due Date |
|---|---|---|---|---|---|
| Godel Memorial-Warren Library | Guided Reading J-14 (Text) | 35500001932456 | Main | Available | - |
Record details
- ISBN: 0671669117 (pbk.) :
- Physical Description: 1 v. (unpaged) : col. ill. ; 28 cm.
- Publisher: New York : Aladdin Paperbacks, c1972.
Content descriptions
| Summary, etc.: | The first one to awake, Milton the Panda tries ... Read More |
Search for related items by subject
| Subject: | Pandas > Fiction. |
| LDR | 00990nam a2200241Ia 4500 | ||
|---|---|---|---|
| 001 | 46569 | ||
| 003 | LARL_NWRL_CONSORTIUM | ||
| 005 | 20030205110920.0 | ||
| 008 | 990617s1972 nyua j 000 1 eng d | ||
| 020 | . | ‡a0671669117 (pbk.) : ‡c$6.99 | |
| 035 | . | ‡a(OCoLC)41556992 | |
| 040 | . | ‡aWRS ‡cWRS ‡dOCL ‡dNRG | |
| 099 | . | ‡ae KRA | |
| 100 | 1 | . | ‡aKraus, Robert, ‡d1925- ‡0(LARL_NWRL_CONSORTIUM)54112 |
| 245 | 1 | 0. | ‡aMilton the early riser / ‡cby Robert Kraus ; pictures by Jose Aruego and Ariane Dewey. |
| 260 | . | ‡aNew York : ‡bAladdin Paperbacks, ‡cc1972. | |
| 300 | . | ‡a1 v. (unpaged) : ‡bcol. ill. ; ‡c28 cm. | |
| 520 | . | ‡aThe first one to awake, Milton the Panda tries hard to wake all the other animals, but to no avail. | |
| 650 | 1. | ‡aPandas ‡vFiction. | |
| 700 | 1 | . | ‡aAruego, Jose. ‡0(LARL_NWRL_CONSORTIUM)54113 |
| 700 | 1 | . | ‡aDewey, Ariane. ‡0(LARL_NWRL_CONSORTIUM)57144 |
| 901 | . | ‡a46569 ‡bOCLC ‡c46569 ‡tbiblio | |

Add to basket
Permalink
Disable Highlighting